000
00319nam a22001457a 4500
008
210310b ||||| |||| 00| 0 eng d
020
_a
0314207694
041
_a
eng
080
_a
91
082
_a
91
100
_a
42
101
_a
GJEO
245
_a
Instructors Manual Earth Science
_c
Dutch, S. I
942
_2
udc
_c
BK
999
_c
56191
_d
56191